000 00297nam a22001337a 4500
008 260105b ||||| |||| 00| 0 eng d
020 _a9788804776390
041 _aital
080 _a0001
100 _a24
101 _arom
245 _aItalo calvino
_cFurioso Orlando
942 _2lcc
_cBK
_efirst
999 _c60743
_d60743